Personnages de Dr House par images - Statistiques

Statistiques générales
  • Ce quiz a été pris 366 fois
  • Le résultat moyen est 9 sur 16
Statistiques - réponses
Par images Réponse % Correct
Gregory House
100%
James Wilson
90%
Lisa Cuddy
89%
Eric Foreman
84%
Robert Chase
78%
Allison Cameron
76%
Remy Hadley (Numéro 13)
69%
Amber Volakis
56%
Chris Taub
51%
Lawrence Kutner
46%
Lucas Douglas
30%
Stacy Warner
30%
Chi Park
26%
Martha M. Masters
24%
Jessica Adams
16%
Samira Terzi
5%
Aucun quiz correspondant
Distribution des résultats
% des personnes avec chaque résultat
Percentile par nombre de réponses
Votre historique - résultats
Vous n’avez pas pris ce quiz